| 000 | 00666nam a22001577a 4500 | ||
|---|---|---|---|
| 003 | OSt | ||
| 005 | 20151105105036.0 | ||
| 008 | 151105b xxu||||| |||| 00| 0 eng d | ||
| 040 | _cRUA | ||
| 082 | _aFOR SME 1997 B124 Or.1 | ||
| 100 |
_93385 _aSMEAN, SARETH. |
||
| 245 | _astudy of illegal wood energy flow on the national road N 4 (ការសិក្សាអំពីបញ្ហាធ្វើអាជិវកម្មអុស ធ្យូងដោយអំពើអនាធិបតេយ្យនៅតាមបណ្តោយផ្លូវជាតិលេខ៤) | ||
| 260 |
_aPhnom Penh _bRUA _c1997 |
||
| 300 |
_a59p. _bill. _c29cm. |
||
| 942 |
_2ddc _cFOR |
||
| 999 |
_c3158 _d3158 |
||